000 00621nam a2200217Ia 4500
003 OSt
005 20220928101742.0
006 a|||||r|||| 00| 0
007 ta
008 220927b |||||||| |||| 00| 0 eng d
024 _a74573
037 _cTextual
040 _aSDCL
_cSDCL
_beng
041 _2eng
_aeng
082 _aV7913:192aN92, N2 RR
245 0 _aARGENTINA IN INDIA
_b A comprehensive bibliography and bilateral agreements
260 _aNew Delhi
_bEmbassy of Argentina
_c1992
300 _a122p
_ccm.
942 _hV7913:192aN92, N2 RR
_cTEXL
_2CC
999 _c710381
_d710381